00835nam a2200241Ia 4500003000400000005001700004008004100021020001500062040001800077041000800095082002000103100002700123245006900150250001200219260004200231300002500273650003100298650002400329650002600353942002900379999001900408952016600427OSt20260116085426.0210716s2003 xx 000 0 und d a8177223038 cAIMIT LIBRARY aeng a006.6 21bLOJM aLojkine, Mary.9251356 aWeb graphics: in easy steps /bin easy steps /cBy Mary Lojkine. a1st ed. aNew Delhi :bDreamtech Press ,c2003. a192p. ;bPBc24.1 cm aWeb-page furniture9251357 aPage layout9251358 aAnimated GIFs9251359 2ddccBKe1stk006.6 LOJM c186287d186287 00102ddc40708MCAaAIMITbAIMITeSita Book Houseg79.00iBill no:25565; Bill dt:2004-04-0l0o006.6 LOJMpMCA05795r2025-07-21 00:00:00v63.20w2021-07-16yBK